MARC

LEADER 00000nas a2200000 a 4500
001 ssj0000858018
003 WaSeSS
005 20200512172242.0
006 m d
007 cr n
008 130323c20uu9999mdud| n|s|||||| |0eng d
035 |a (WaSeSS)ssj0000858018 
040 |a WaSeSS  |c WaSeSS  |d WaSeSS 
043 |a n-us--- 
050 4 |a Z1223 
245 0 0 |a Commerce Department documents and publications  |h [electronic resource]. 
260 |a Greenbelt, Md. :  |b Federal Information & News Dispatch 
310 |a Daily 
506 |a License restrictions may limit access. 
588 |a Description based on: Jun. 10, 2010; title from title screen (ProQuest, viewed March 23, 2013). 
588 |a Latest issue consulted: Mar. 22, 2013 (viewed March 23, 2013). 
610 1 0 |a United States.  |b Department of Commerce  |x Bibliography  |v Newspapers. 
650 0 |a Government publications  |z United States  |x Bibliography  |v Newspapers. 
650 0 |a Industries  |z United States  |x Bibliography  |v Newspapers. 
651 0 |a United States  |x Commerce  |x Bibliography  |v Newspapers. 
655 0 |a Electronic journals. 
856 4 0 |z Full text available from Research Library: 06/10/2010 to present  |u https://search.proquest.com/publication/237727